Surnoms Hyris, depuis la P20 - Statistiques

Statistiques générales
  • Ce quiz a été pris 73 fois
    18 depuis la dernière actualisation
  • Le résultat moyen est 105 sur 418
Statistiques - réponses
Surnom Promo Pôle/Poste % Correct
Milleni'hum P25 VP Direct
89%
Newtella P25 SecGen
89%
Stratoscule P25 Prod
89%
Voltamer P24 Prod
89%
WatiQ P25 VP Matos
89%
Béchamallow P25 Régie
83%
Guy Gnôle P25 Prod
83%
Guy Mauve P22 SecGen
83%
Han Soho P25 Trésorier
83%
Mary Poppers P24 Kiwi
83%
Orlysal P24 VP Direct
83%
TartyFlex P23 VP Direct
83%
TortiQ P25 Président
83%
Walmakool P26 Prod
83%
Artichou P24 Prod
78%
Atch'hum P26 VP Matos
78%
Azkatix P25 Prod
78%
Cactiov P25 Respo Direct
78%
FlashMaQ P26 Président
78%
Harley King P25 Vice-président
78%
La-9 P24 Kiwi
78%
LaPoutre P23 Président
78%
Nikolaï Tractosex P24 Vice-président
78%
Pikashot P24 Présidente
78%
Rondou'Doom P24 SecGen
78%
Transpalex P24 Respo Direct
78%
Wellington P23 Vice-président
78%
Annik LeWEI P22 Cascade
72%
Fantasiov P26 VP Direct
72%
FireFlex P24 Trésorier
72%
Pandoria P24 Daniel
72%
SerrFlex P25 Geek
72%
Soupleen P24 Régie
72%
Valhalia P23 Geek | Prod
72%
Vegapunch P25 Prod
72%
VeryDîk P24 Khôm
72%
AdB P22+ VP Matos
67%
CoquiQ P22 Com
67%
Crépuscule P24 Prod
67%
Donnatrello P25 VP SéQ
67%
Guy d'Michlin P23 Daniel
67%
Guy Ness P26 Régie
67%
Hadopeen P23 Régie
67%
Kaïpirino P24 VP Matos
67%
LaFlèche P24 Prod
67%
LowIQ P24 Cascade
67%
Luckicule P21 Régie
67%
Maupass'tis P25 Kiwi
67%
SasuCheh P26 Geek
67%
Si-10 P25 Régie
67%
Sol-8 P23 Kiwi
67%
Artik'Ronin P26 Prod
61%
AviCheese P24 Respo Local
61%
ChehGuevara P24 Geek
61%
Cocopunch P23 Prod
61%
Cutiecule P23 Régie
61%
DTracteur.e.s P23 Kiwi
61%
Elikutter P24 Cascade
61%
Etagerbe P24 Daniel
61%
Fa-7 P22
61%
FourniStyl P26 SecGen
61%
Guy Chloraine P24 Régie
61%
Koba LaDE P24 Daniel
61%
La Mère Kurochrome P24 Kiwi
61%
LaTak P25 Régie
61%
LeFoix P22 Prod
61%
Mi-6 P21 Prod
61%
Newton'O P23 VP Matos
61%
Orchay P25 Régie
61%
Palpapeen P20 Président
61%
Paninos P23 SecGen
61%
SNC Hess P26 Trésorier
61%
TabasseQ P23
61%
Woodik P23 Prod
61%
BalaiKool P25 Régie
56%
Demetess P25 Kiwi
56%
Eucalypso P24 Geek
56%
Héméra P24 Cascade
56%
Le Major'Doom P24 VP SéQ
56%
LetMeKoûck P26 Vice-président
56%
Macromolécule P26 Cascade
56%
MusQ P23 VP SéQ
56%
Osmo Rocket P23 Cascade
56%
Pisspartou P22 Président
56%
Stradivariance P26 Prod
56%
TerAufist P22 Geek
56%
Tou'Doom P23 Kiwi
56%
Wikiov P22 Trésorière
56%
Artemims P25 Geek
50%
CopStar P23 Trésorier
50%
Le Fils Tilande P23 Respo Direct
50%
Le Fuker P20 Vice-président
50%
Le Prez' Faks P24 Khôm
50%
Luminatiov P24 Geek
50%
Miroslav Buldosex P22 Respo Direct
50%
Orkydus P24 Daniel
50%
Rico'Cheh P26 Cascade
50%
Ronino P23 Prod
50%
Tékiron P20 Prod
50%
Alustar P25
44%
Anapura P21 Kiwi
44%
Ar.iel P24
44%
Coeurtiov P21 Prod
44%
Elon Cum P25
44%
GoProj P24 Cascade
44%
Gornecule P22 Tek
44%
La fille Sylis P26 Kiwi
44%
Master Cheh P25 Skötch
44%
RonRonnefleX P25 Daniel
44%
Toomymy P22 Prod
44%
Tracos 3 Viandes P26 Khôm
44%
Yakoala P25 Cascade
44%
Artémorphine P26
39%
Badab'hum P24 Cascade
39%
Christ2Saclay P26 Cascade
39%
Darkayke P22 Daniel
39%
Héréditix P26 Skötch
39%
Herr G P24
39%
Kubi Brylliant P26 Khôm
39%
Le Père Chlorate P24 Geek
39%
Nelibo P22 VP Direct
39%
Pretoria P25 Skötch
39%
Scooby Doom P26
39%
Sfbdlcksh P23
39%
Skycock P22 Régie
39%
Weebaz P26 Geek
39%
2pact P26
33%
Aftereifflex P26
33%
Ardéa P20 Daniel
33%
Bebou Dhabi P26
33%
Don Chouquette P21 Prod
33%
EldenKing P25
33%
Herrat'Hum P23 Tek
33%
Herr GB P23
33%
Kink Q. Rool P24 Skötch
33%
Kokoro P22 Daniel
33%
La Pur'Ge P22 VIce-président
33%
Macinshot P26
33%
Masscock P26
33%
PlotiQ P26 Kiwi
33%
Poliakrush P22 Kiwi
33%
Sazérac P24 Régie
33%
Taylor Sweet P25 Daniel
33%
Tortillank P24 Skötch
33%
Bulkie P21 Daniel
28%
CheerleaDîk P25
28%
D0-0nz P26 Skötch
28%
Dua Lumpa P26
28%
Etoilosaurus P21 Président
28%
FloryNishaon P22 Prod
28%
Glidino P25 Cascade
28%
Kalash'Criminou P26
28%
Kyrbeat P23
28%
McAupine P22
28%
Oskarbeaunara P24 Khôm
28%
PalaDoom P26 Cascade
28%
Paraplegif P23
28%
Prosélia P26 Cascade
28%
Réçaink P20 VP Jeux
28%
RizzoBrine P26
28%
SanCookyKool P24 Khôm
28%
SerreQ P21 Vice-président
28%
ShifooQ P22 Prod
28%
SunBeam P24
28%
TogePics P25
28%
Travis Coq P26 Geek
28%
Wilkamson P21 Trésorier
28%
Aquari'hum P22 Kiwi
22%
Ardiov P23 Tek
22%
Atlanta P24
22%
Banana Spritz P24
22%
Bezmark P21 Tek
22%
BlaBlackOut P25 Cascade
22%
bondor P21 VP Matos
22%
Caravajin P24 Kiwi
22%
Dash P20 Prod
22%
Eddy Morphine P24
22%
E-Margey P26 Skötch
22%
Grozdeh P25
22%
Harvid P21 Prod
22%
HerrMetz P24
22%
Jeff Bedo P24
22%
Korizoruss P23 Kiwi
22%
La Couette P21 Régie
22%
Larwina P21 Daniel
22%
Minilumpa P23
22%
NikatiX P26
22%
Nouméa P24 Cascade
22%
Paloma P23
22%
QuadCock P21 VP Direct
22%
Sheik Tiov P22 Geek
22%
Swakool P20 SecGen
22%
Totalizdeh P24 Cascade
22%
Zanata P21 Com
22%
Chocapeen P24
17%
Curricul'hum P20 Prod
17%
DîKapriSun P25
17%
DJRiz'Doom P25
17%
Dobbeat P23 Cascade
17%
Fatal-Foutre P23 Kiwi
17%
Fransourass P21 WP Matos
17%
Fukushibra P22
17%
Guy Rlende P21 Coma
17%
Herr Owyn P23
17%
Herr Wick P20 | P21 Kiwi
17%
Hilthug P20 VP Matos
17%
John Cagôle P26
17%
LaGörj P21 Respo Direct
17%
Le Coussin P22
17%
Mos KoFioul P24
17%
NuitDoKink P25 Cascade
17%
Poipl'hum P21 SecGen
17%
Sarapuce P20 VPistache
17%
Turboflex P22 Régie
17%
Wanani P20 Kiwi
17%
Yuribeur Doux P20 Trésorier
17%
BillyBranlo P23
11%
BroulQ P20 VP Direct
11%
Canberra P24
11%
Crousman Damnbélé P23 Daniel
11%
Croustisoux P22 Coma
11%
Electrokweet P23
11%
Fiascock P23
11%
Guy Teub P20 Geek
11%
HerMiov P23 Régie
11%
Herr BNBeat P23
11%
Herr Otyk P24
11%
HêtreARênnes P24
11%
Jak Da Net P24
11%
Jason Burne P23 Daniel
11%
Kenobeat P22 Cascade
11%
Kenstock P20 Prod
11%
LaMatraque P24
11%
Le Père Foutrasse P22 Geek
11%
L'Ivrest P24
11%
Moguero P21 Tek
11%
Numeraubyss P22
11%
PloutiQ P21
11%
Pouet Pouet P22 Régie
11%
Poulopo P22
11%
Raid Chapô Legend P24
11%
Rompichâmes P24
11%
Servietski P24
11%
Söderhamn P25
11%
Tichoupi P23
11%
A Buddha Peace P20 Daniel
6%
Al Katrik P21 Respo Direct
6%
Aouiuiuuiiiiuuoui P24
6%
B-DOG P20 Past-Tek
6%
Bibendoom P22 Polocal
6%
Chemignôle P24
6%
Chernofist P20 Régie
6%
CodteamS P24
6%
DiplodoQ P24
6%
Dydaskaleen P24
6%
Esthetric P23
6%
Evolens P24
6%
Ford Coppogra P22
6%
Gallardon P22 Tek
6%
GauleDeny P23
6%
Gradicule P20 Geek
6%
Hétourmims P24
6%
Iko P24
6%
Klakax P23
6%
Klaveekool P21
6%
Kozolish P22
6%
L@Mhaïn P22 Daniel
6%
Loutrinem P23
6%
Mâcherocket P24
6%
Marlon Branlo P20 Kiwi
6%
Nuttelabananavekboul'vanille P24
6%
Oubrun P20 Post-Tek
6%
Para Ténor P25
6%
Pastagada P22
6%
Pegazor P23
6%
Silver Shaun P21
6%
Squealpi P20 Daniel
6%
Surizo P20 Barco
6%
Tancklüm P20
6%
Tipoutou P21 Kiwi
6%
2protothaïpe P22
0%
Abba le Coeuk P21
0%
Alcoolissimo P22
0%
Anastasie P20 Past-Tek
0%
AntiNoMii P24
0%
Apocalybre 50 P22
0%
Azkabang P22
0%
Bandung P20
0%
Beurzerk P22
0%
Bibuss P21
0%
Bidü Bidü P20
0%
BigUp P21
0%
Boukacoeur P21
0%
Boulsonaro P22
0%
BrieGit P21 Geek
0%
BrumbleBee P24
0%
Chibraltar P21
0%
Cissou P20
0%
Cocapine P22 Régie
0%
Coclito P22
0%
Cokshenko P21
0%
Corrona Bitrus P22 VP Jeux
0%
Coulton P20
0%
Crakowski P22
0%
Craps P21
0%
Crocok P21
0%
Culbuto'Q P22
0%
Cyraloff P21
0%
Dagobille P22
0%
Danaeto P22 Daniel
0%
DeeJayris P21
0%
Dislestermes P24
0%
Dixwell P21 Com
0%
DJeeez P21
0%
Dodoche P21
0%
Double Bourbon P20 Régie
0%
Epsyles P21
0%
Expelior P23
0%
Flopa d'Or P22
0%
Freddy Mercurasse P22
0%
Freezbeat P21 Kiwi
0%
GalaDAF P20
0%
Garano P23
0%
Gastreet P21
0%
Gémini P21
0%
Gianthug P22
0%
Glanchen P22 Kiwi
0%
Glandhi P21
0%
Glantanamo P20 Daniel
0%
Goldigar P21 VP Jeux
0%
Goomidi P21 Respo Direct
0%
Graispanizy P20
0%
Harmonios P22
0%
Herr Bivor P22
0%
Herr Ectus P24
0%
Herr Fist One P22 Tek
0%
Herr Franz P21
0%
Hybrou P22
0%
Iena P20 Kiwi
0%
Jagg P20 Geek
0%
Jargiclette P22
0%
JayZGual P20
0%
Jean-Thunes P20
0%
Jhörj P20
0%
Keribou P21
0%
Kerington P21 Daniel
0%
Kessaï P20
0%
Klannuce P20 Respo Direct
0%
La Fourche P20
0%
La Rach P20 Barco
0%
Largueï P21
0%
Légif P20
0%
Marko Poloff P22
0%
Mass Eject P21
0%
MichelKstré P20 Kiwi
0%
Monseigneur Flambÿ P20
0%
Mooslyn P22
0%
MysterO P21
0%
Natilanuce P21
0%
Negalov P21
0%
Noobostant P24
0%
Nüzbek P20 Régie
0%
Ouwoo P20 Past-Tek
0%
OzzyosBurne P22 Kiwi
0%
Papa Jacob P20
0%
Pap'Cartney P20
0%
Pastash P21 Kiwi
0%
Pastishon P22
0%
Peruko P20
0%
Philmann P21 Geek
0%
Plétore P20
0%
Plonfago P20
0%
Polyxène P21 Geek
0%
Pornicard P21 | P22
0%
Pornino P21
0%
Poulinton P20 Geek
0%
Prignol P21
0%
Pulte-O-Zer P20
0%
Qbec B1zen P22 Geek
0%
Qbi P21 Daniel
0%
Raipajöll P20
0%
Rakam P21
0%
ReichQuaza P22
0%
Rezark P20
0%
Riahnalle P22
0%
Rivoli P25 Cascade
0%
Roulini P20 Geek
0%
Saiminuce P21
0%
Sandophi P21
0%
SangoQ P20
0%
Scount P20 VP Studio
0%
Shwanzee P21
0%
Singrotron P22 Com
0%
Soudini P21
0%
Speyo P21
0%
Steve Mcpine P22
0%
Stipool P20
0%
Suikifrap P20
0%
Taxi Rumba P22
0%
T-boy P20
0%
Tchaki P20
0%
Telalamo P22
0%
Téquilol P20
0%
Torbex P22
0%
TrombitoQ P22
0%
Tropinion P21
0%
Tsubachups P21
0%
Tutulù P20
0%
Under 'Score P20
0%
Vladimyr Poutrine P22
0%
Von Ruby P22
0%
Wagen Das P20
0%
Wizz P21
0%
Zabugor P21
0%
Zinzolin P20
0%
Aucun quiz correspondant
Distribution des résultats
% des personnes avec chaque résultat
Percentile par nombre de réponses
Votre historique - résultats
Vous n’avez pas pris ce quiz depuis la dernière actualisation